000 00241nam a22000857a 4500
245 _aEfficiency of fungicides in the control of Microcyclus ulei in vitro and in vivo
260 _aRevista Theobroma 15(4)
_c1985
300 _a185-190
942 _cRE
999 _c75385
_d75385